| 000 | 01695nam0a2200289 i 4500 | ||
|---|---|---|---|
| 001 | RU\NLR\BIBL_A\011334684 | ||
| 005 | 20260405173515.0 | ||
| 010 |
_a9785890406057 _9150 |
||
| 021 |
_aRU _b2017-4616 _9323 |
||
| 035 | _a(NLR Aleph) 011334684 | ||
| 090 |
_a11154513 _c11154513 |
||
| 100 | _a20170227d2016 u y0rusy50 ca | ||
| 101 | 0 | _arus | |
| 102 | _aRU | ||
| 105 | _aa z 000zy | ||
| 200 | 1 |
_aБезопасность жизнедеятельности _eсборник задач _e[для студентов строительных специальностей] _fЭ.В. Соловьева, В.В. Колотушкин _gМинистерство образования и науки Российской Федерации, Федеральное государственное бюджетное образовательное учреждение высшего образования "Воронежский государственный архитектурно-строительный университет" |
|
| 210 |
_aВоронеж _cВоронежский ГАСУ _d2016 |
||
| 215 |
_a106, [1] с. _cил. _d21 |
||
| 320 | _aБиблиогр.: с. 104 (10 назв.) | ||
| 606 | 1 |
_aСтроительное дело _jЗадачники _xБезопасность жизнедеятельности _92244401 _3RU\NLR\AUTH\661346562 |
|
| 686 | 1 | _aН.н6я73-4 | |
| 700 | 1 |
_7ca _8rus _aСоловьева _bЭ. В. _cэколог _gЭльвира Владимировна _957802 _3RU\NLR\AUTH\7774874 |
|
| 701 | 1 |
_aКолотушкин _bВ. В. _gВиктор Васильевич |
|
| 942 | _cBOOK | ||
| 980 | _aNBR | ||